LEADER 01621nam a2200301 u 4500 001 000000078330 003 CaOOAMICUS 005 20070226123422.0 008 040419s2003 gw u000 u eng u 020 $a3161480864 035 $a10990815 040 $aIPA$bita$dPUL 100 1 $aGregory, Andrew,$d1971-$0(OLS)http://pul/name/52127 245 14$aThe reception of Luke and Acts in the period before Irenaeus :$blooking for Luke in the second century /$cAndrew Gregory. 260 $aTübingen :$bMohr Siebeck,$cc2003. 300 $axv, 426 p. ;$c24 cm 490 1 $aWissenschaftliche Untersuchungen zum Neuen Testament.$aReihe 2 ;$v169 500 $aComprende riferimenti bibliografici (p. 355-392) e indice. 502 $a"Revised and expanded version of a thesis accepted ... by the University of Oxford, 2001" (p.vii) 630 04$aBiblia.$pN.T.$pLucas$xCritica e interpretazione.$0(OLS)http://pul/subject/37900 630 04$aBiblia.$pN.T.$pActus apostolorum.$xCritica e interpretazione.$0(OLS)http://pul/subject/1725 830 0$aWissenschaftliche Untersuchungen zum Neuen Testament.$nReihe 2,$x03409570 ;$v169.$0(OLS)http://pul/title/264 850 $aPUL 852 $aPUL$W1$xSL Religione 1$y3$m16 I 169$j100477$nBK-PRI$b $qStampati$B100477$CPULBib$Z2$F100477 $HPUL97265 $81 941 1 $a8 996 $6020$a3161480864$9(OLS)http://pul/number/102678 996 $6245$aThe reception of Luke and Acts in the period before Irenaeus :$blooking for Luke in the second century$9(OLS)http://pul/title/102637 996 $6260$aTübingen :$bMohr Siebeck$9(OLS)http://pul/publisher/52004 LEADER 01387nam a2200349 a 4500 001 000000166772 003 CaOOAMICUS 005 20180319111327.0 008 180319s1988 it u000 u ita r 020 $z88-07-10090-8* 032 $aLibriCat 040 $aPUL$bita 041 1 $aita$hger 100 1 $aWeinrich, Harald.$0(OLS)http://pul/name/87015 240 10$aSprache in Texten.$lItaliano.$0(OLS)http://pul/title/206529 245 10$aLingua e linguaggio nei testi /$cHarald Weinrich ; prefazione di Cesare Segre. 260 $aMilano :$bFeltrinelli,$c1988. 300 $a213 p. ;$c22 cm. 490 1 $aCampi del sapere 650 4$aFilosofia del linguaggio.$0(OLS)http://pul/subject/8316 700 1 $aSegre, Cesare,$d1928-$0(OLS)http://pul/name/5919 830 0$aCampi del sapere (Feltrinelli).$0(OLS)http://pul/title/20268 850 $aPUL 852 $aPUL$W1$xDP1 Fondo Dalla Palma$y117$m1 B 5$j41603$qFondi$B194220$CPULBib$Z2$F194220 $HDal1338 $81 941 1 $a1 960 $aLinguaggio$xFilosofia$98316 960 $aLinguaggio e filosofia$98316 960 $aLinguaggio e pensiero$98316 996 $6020$z88-07-10090-8*$9(OLS)http://pul/number/163733 996 $6245$aLingua e linguaggio nei testi$9(OLS)http://pul/title/206530 996 $6260$aMilano :$bFeltrinelli$9(OLS)http://pul/publisher/48846